| 000 -LEADER |
| fixed length control field |
02205cas a2200481 i 4500 |
| 001 - CONTROL NUMBER |
| control field |
19064553 |
| 003 - CONTROL NUMBER IDENTIFIER |
| control field |
Nust |
| 005 - DATE AND TIME OF LATEST TRANSACTION |
| control field |
20170331120251.0 |
| 008 - FIXED-LENGTH DATA ELEMENTS--GENERAL INFORMATION |
| fixed length control field |
160422c20099999sz gr s i0 0eng |
| 010 ## - LIBRARY OF CONGRESS CONTROL NUMBER |
| LC control number |
2016214009 |
| Canceled/invalid LC control number |
2009447992 |
| -- |
2013417031 |
| -- |
2016383169 |
| 035 ## - SYSTEM CONTROL NUMBER |
| System control number |
(OCoLC)ocn948019865 |
| 040 ## - CATALOGING SOURCE |
| Original cataloging agency |
DLC |
| Language of cataloging |
eng |
| Description conventions |
rda |
| Transcribing agency |
DLC |
| Modifying agency |
OCLCO |
| -- |
DLC |
| -- |
OCLCF |
| -- |
CLU |
| 042 ## - AUTHENTICATION CODE |
| Authentication code |
pcc |
| 050 00 - LIBRARY OF CONGRESS CALL NUMBER |
| Classification number |
HE5614 |
| Item number |
.G58 |
| 082 ## - DEWEY DECIMAL CLASSIFICATION NUMBER |
| Classification number |
363.125 WHO |
| 245 00 - TITLE STATEMENT |
| Title |
Global status report on road safety. |
| 264 #1 - PRODUCTION, PUBLICATION, DISTRIBUTION, MANUFACTURE, AND COPYRIGHT NOTICE |
| Place of production, publication, distribution, manufacture |
Geneva, Switzerland : |
| Name of producer, publisher, distributor, manufacturer |
World Health Organization, |
| Date of production, publication, distribution, manufacture, or copyright notice |
[2009]- |
| 300 ## - PHYSICAL DESCRIPTION |
| Extent |
volumes : |
| Other physical details |
color illustrations ; |
| Dimensions |
30 cm |
| 310 ## - CURRENT PUBLICATION FREQUENCY |
| Current publication frequency |
Biennial |
| 336 ## - CONTENT TYPE |
| Content type term |
text |
| Content type code |
txt |
| Source |
rdacontent |
| 337 ## - MEDIA TYPE |
| Media type term |
unmediated |
| Media type code |
n |
| Source |
rdamedia |
| 338 ## - CARRIER TYPE |
| Carrier type term |
volume |
| Carrier type code |
nc |
| Source |
rdacarrier |
| 362 1# - DATES OF PUBLICATION AND/OR SEQUENTIAL DESIGNATION |
| Dates of publication and/or sequential designation |
Began with [2009]. |
| 500 ## - GENERAL NOTE |
| General note |
Some volumes have also a theme title. |
| 515 ## - NUMBERING PECULIARITIES NOTE |
| Numbering peculiarities note |
No report published for 2011. |
| 525 ## - SUPPLEMENT NOTE |
| Supplement note |
Some volumes accompanied by separately-paged summaries. |
| 530 ## - ADDITIONAL PHYSICAL FORM AVAILABLE NOTE |
| Additional physical form available note |
Issued also online. |
| 588 ## - SOURCE OF DESCRIPTION NOTE |
| Source of description note |
Description based on: [2009]; title from title page. |
| 588 ## - SOURCE OF DESCRIPTION NOTE |
| Source of description note |
Latest issue consulted: 2015. |
| 650 #0 - SUBJECT ADDED ENTRY--TOPICAL TERM |
| Topical term or geographic name entry element |
Traffic safety |
| Form subdivision |
Periodicals. |
| 650 #0 - SUBJECT ADDED ENTRY--TOPICAL TERM |
| Topical term or geographic name entry element |
Traffic safety |
| Form subdivision |
Statistics |
| -- |
Periodicals. |
| 650 #7 - SUBJECT ADDED ENTRY--TOPICAL TERM |
| Topical term or geographic name entry element |
Traffic safety. |
| Source of heading or term |
fast |
| Authority record control number or standard number |
(OCoLC)fst01154212 |
| 655 #7 - INDEX TERM--GENRE/FORM |
| Genre/form data or focus term |
Periodicals. |
| Source of term |
fast |
| Authority record control number |
(OCoLC)fst01411641 |
| 655 #7 - INDEX TERM--GENRE/FORM |
| Genre/form data or focus term |
Statistics. |
| Source of term |
fast |
| Authority record control number |
(OCoLC)fst01423727 |
| 710 2# - ADDED ENTRY--CORPORATE NAME |
| Corporate name or jurisdiction name as entry element |
World Health Organization. |
| 775 08 - OTHER EDITION ENTRY |
| Relationship information |
Issued also in French: |
| Title |
Global status report on road safety. French. Rapport de situation sur la sécurité routière dans le monde |
| 775 08 - OTHER EDITION ENTRY |
| Relationship information |
Issued also in Russian: |
| Title |
Global status report on road safety. Russian. Doklad o sostoi︠a︡nii bezopasnosti dorozhnogo dvizhenii︠a︡ v mire |
| 775 08 - OTHER EDITION ENTRY |
| Relationship information |
Issued also in Spanish: |
| Title |
Global status report on road safety. Spanish. Informe sobre la situación mundial de la seguridad vial |
| 906 ## - LOCAL DATA ELEMENT F, LDF (RLIN) |
| a |
7 |
| b |
cbc |
| c |
serorig |
| d |
3 |
| e |
ncip |
| f |
20 |
| g |
n-oclcserc |
| 942 ## - ADDED ENTRY ELEMENTS (KOHA) |
| Source of classification or shelving scheme |
|
| Koha item type |
Book |